Clan Judicial / (Record no. 15851)
[ view plain ]
| 000 -LEADER | |
|---|---|
| campo de control de longitud fija | 00625nam a2200217 i 4500 |
| 001 - NÚMERO DE CONTROL | |
| campo de control | 15851 |
| 003 - IDENTIFICADOR DE NÚMERO DE CONTROL | |
| campo de control | ES-MaACL |
| 005 - FECHA Y HORA DE LA ÚLTIMA TRANSACCIÓN | |
| campo de control | 20230906151153.0 |
| 007 - CAMPO FIJO DE DESCRIPCIÓN FÍSICA--INFORMACIÓN GENERAL | |
| campo de control de longitud fija | t| |
| 008 - DATOS DE LONGITUD FIJA--INFORMACIÓN GENERAL | |
| campo de control de longitud fija | 000508s1990 sp ||||0| spa d |
| 016 7# - NÚMERO DE CONTROL DE UNA AGENCIA BIBLIOGRÁFICA NACIONAL | |
| Número de control cancelado/no válido | CEN920127832 |
| 020 ## - NÚMERO INTERNACIONAL ESTÁNDAR DEL LIBRO | |
| Número Internacional Estándar del Libro | 84-86879-24-8 |
| 040 ## - FUENTE DE CATALOGACIÓN | |
| Centro catalogador/agencia de origen | CEN |
| Lengua de catalogación | spa |
| Centro/agencia transcriptor | CEN |
| 080 ## - NÚMERO DE LA CLASIFICACIÓN DECIMAL UNIVERSAL | |
| Número de la Clasificación Decimal Universal | 860-31"19" |
| 100 1# - ENTRADA PRINCIPAL--NOMBRE DE PERSONA | |
| Nombre de persona | Bertelli, Luis. |
| 9 (RLIN) | 28432 |
| 245 10 - MENCIÓN DEL TÍTULO | |
| Título | Clan Judicial / |
| Mención de responsabilidad, etc. | Luís Bertelli ; prólogo de Carlos Luis Alvarez "Cándido". |
| 260 ## - PUBLICACIÓN, DISTRIBUCIÓN, ETC. | |
| Lugar de publicación, distribución, etc. | [Madrid] : |
| Nombre del editor, distribuidor, etc. | Kayleda, |
| Fecha de publicación, distribución, etc. | D.L. 1990. |
| 300 ## - DESCRIPCIÓN FÍSICA | |
| Extensión | 231 p : |
| Otras características físicas | il ; |
| Dimensiones | 24 cm. |
| 700 1# - ENTRADA AGREGADA--NOMBRE PERSONAL | |
| Nombre de persona | Álvarez, Carlos Luis. |
| 9 (RLIN) | 20621 |
| 852 ## - LOCALIZACIÓN | |
| Ubicación | ES-MaACL |
| Número de control de estantería | L-23099 |
| Sublocalización o colección | R.118685 |
| Estatus retirado | Estado de pérdida | Estado de daño | No para préstamo | Biblioteca de origen | Biblioteca actual | Ubicación en estantería | Fecha de adquisición | Fuente de adquisición | Total de préstamos | Signatura topográfica completa | Código de barras | Visto por última vez | Precio de reemplazo | Tipo de ítem Koha |
|---|---|---|---|---|---|---|---|---|---|---|---|---|---|---|
| Biblioteca del Ateneo de Madrid | Biblioteca del Ateneo de Madrid | Depósito 2 | 17/01/2008 | L-23099 | 1016111 | 23/02/2023 | 23/02/2023 | Libro impreso |
